Paganini : el hombre y el artista /

Guardat en:
Dades bibliogràfiques
Autor principal: Bonazzy, Tito S. (autor)
Format: Llibre
Idioma:espanyol
Publicat: Buenos Aires, Argentina : Librería Hachette, 1947, c1947
Col·lecció:(Biblioteca de Bolsillo Librería Hachette ; Serie Azul Clásicos y Modernos) 145.
Matèries:
Etiquetes: Afegir etiqueta
Sense etiquetes, Sigues el primer a etiquetar aquest registre!

MARC

LEADER 00000nam^a2200000^a^4500
001 000387999
005 20250521000000.0
008 161202 19471947
009 20260310121041.618
037 |a Acervo ITESO - Biblioteca 
041 |a ESP 
082 |a 784. 07  |b BON 
100 |a Bonazzy, Tito S.  |e (autor) 
245 1 0 |a Paganini :  |b el hombre y el artista /  |c T.S. Bonazzy ; tr. por Antonio Loiácomo. 
264 4 |a Buenos Aires, Argentina :  |b Librería Hachette,  |c 1947, c1947 
300 |a 168 p. 
336 |a texto  |b txt  |2 rdacontenido 
337 |a sin mediación  |b n  |2 rdamedio 
338 |a volumen  |b nc  |2 rdasoporte 
440 1 |a (Biblioteca de Bolsillo Librería Hachette ;  |v 145.  |p Serie Azul Clásicos y Modernos) 
500 |a Traducción de: L'uomo e l'artista 
545 0 |a Considerado el más grande virtuoso del violín de la historia, Niccolò Paganini (Génova, 1782-Niza, 1840) comenzó a formarse con su padre y luego fue alumno de Alessandro Rolla y Gasparo Ghiretti. Sin embargo, es calificado de autodidacta en gran medida, pues la técnica por él desarrollada bebe centralmente de su propio genio, alcanzando niveles de complejidad que todavía hoy vuelven imposible interpretar algunas de sus obras. Según la crítica, su influencia se deja sentir en Liszt, Schumann, Brahms, Rachmaninov y Chopin, entre otros. 24 caprichos para violín solo, 6 sonatas para violín, 6 conciertos para violín y orquesta, son algunas de sus obras. 
561 |a Ex libris de la Biblioteca de San Cayetano 
649 |a XX 
650 |a Músicos Italianos 
650 |a Artistas Italianos 
650 |a Violín -  |z Italia -  |x Historia y Crítica 
650 |a Instrumentos de Cuerda -  |z Italia -  |x Historia y Crítica 
650 |a Instrumentos Musicales -  |z Italia -  |x Historia y Crítica 
650 |a Música Romántica -  |z Italia -  |x Historia y Crítica 
650 |a Música de Cámara -  |z Italia -  |x Historia y Crítica 
650 |a Música de Concierto -  |z Italia -  |x Historia y Crítica 
650 |a Música Italiana -  |x Historia y Crítica 
650 |a Música Italiana -  |y Siglo XIX 
650 |a Paganini, Niccolò -  |x Tema Principal 
910 |a Fondo General 
920 |a Impresos - Libros 
930 |a Colección General 
905 |a 101 
901 |a 0500282492  |b IT1  |c ACC  |i D77382  |u 20250521 
902 |a https://opac.biblio.iteso.mx/vufind/Record/000387999